Score 0/13 Timer 01:30
0 Plays Today
Clue 4-Letter Word % Correct
To plunge or tumbleFALL
92.8%
Dial a telephone numberCALL
92.7%
DomesticateTAME
92.3%
A wisecrack or gagJOKE
92.1%
Put something in a container until there is no remaining empty spaceFILL
91.4%
Capture or seizeTAKE
90.1%
The center of an objectCORE
89.5%
Former advertising slogan: 'I'd like to buy the world a ___!'COKE
88.7%
Be concerned or interestedCARE
87.6%
★ Matthew McConaughey plays: ___ Brigance, attorney ★●JAKE●
86.3%
★ 1996 crime movie and John Grisham's first novel: 'A ___ to [last rung]' ★●TIME●
83.8%
★ Samuel L. Jackson plays ___ Lee Hailey, the defendant ★●CARL●
83.4%
★ 1996 crime movie and John Grisham's first novel: 'A [first rung] to ___●KILL●
81.9%

Today's Daily Dose

Remove Ads.
Support Sporcle.
Get the best of Sporcle when you Go Orange. This ad-free experience offers more features, more stats, and more fun while also helping to support Sporcle. Thank you for becoming a member.

You're not logged in!

Compare scores with friends on all Sporcle quizzes.
OR
Log In

Show Comments

Extras

Top Quizzes Today


Score Distribution

Your Account Isn't Verified!

In order to create a playlist on Sporcle, you need to verify the email address you used during registration. Go to your Sporcle Settings to finish the process.

Report this User

Report this user for behavior that violates our Community Guidelines.

Details: